Linie lotnicze w Polsce - Statystyki

Ogólne statystyki
  • Ten quiz został rozwiązany 442 razy
  • Średni wynik to 3 z 6
Statystyki odpowiedzi
Rok Powstania Linia % Poprawnych
1929 LOT
100%
2010 Enter Air
65%
2017 Buzz
44%
2003 Sprint Air
25%
2000 SkyTaxi
14%
2012 Smartwings Poland
12%
Nie znaleziono quizów pasujących do podanych kryteriów
Rozkład punktacji
Procent ludzi z każdym wynikiem
Percentyl według liczby udzielonych odpowiedzi
Twoja historia wyników
Nie rozwiązałeś tego quizu